000 00793nam a22002177a 4500
999 _c14930
_d14930
003 MIRAKIL
005 20220601155949.0
008 220601b tu ||||| |||| 00| 0 tur d
040 _aTR-AnCHP
_btur
_cTR-AnCHP
082 _aATA 725.9
_bA61m 2021
100 _aArda, M. Ömer
245 _aMimari anılarıyla Anıtkabir /
_chazırlayan: M. Ömer Arda; editör : Seda Özen Bilgili ; fotoğraf : Sena Özfiliz
260 _aAnkara :
_bAnkara Büyükşehir Belediyesi;
_c2021.
300 _a213 s.:
_bfotg.;çiz.; blg.;
_c30 sm.
504 _aKaynakça vardır.
600 _aAtatürk, Mustafa Kemal
_cTürkiye Cumhuriyeti kurucusu
_d1881-1938
650 _aAnıtkabir
_xMimari açı
700 _97114
_aBilgili, Seda Özen
_eed.
700 _97115
_aÖzfiliz, Sena
_efotg.
942 _2ddc
_cBKS